000 00250nam a2200109Ia 4500
008 220204s9999 xx 000 0 und d
082 _a82-3
_bODO
100 _aODonnell, Peter
245 0 _aModesty Blaise
260 _aLondon
_bPan
_c1976
942 _cBK
999 _c33818
_d33818